| 000 | 00408nam a2200133Ia 4500 | ||
|---|---|---|---|
| 008 | 170516s9999 xx 000 0 und d | ||
| 245 | 2 | _aA Place to Call Home: Bioengineering Pluripotential Stem Cell Cultures | |
| 260 | _bAIMS Bioengineering | ||
| 260 | _c2015 | ||
| 300 | _a:2 | ||
| 650 | _xMedical Technology | ||
| 650 | _xMedtech | ||
| 856 | _uhttp://www.aimspress.com/journal/Bioengineering/2015/2.html | ||
| 999 |
_c329932 _d329932 |
||